<?xml version="1.0" encoding="UTF-8"?><?xml-stylesheet type="text/xsl" href="static/style.xsl"?><OAI-PMH xmlns="http://www.openarchives.org/OAI/2.0/" xmlns:xsi="http://www.w3.org/2001/XMLSchema-instance" xsi:schemaLocation="http://www.openarchives.org/OAI/2.0/ http://www.openarchives.org/OAI/2.0/OAI-PMH.xsd"><responseDate>2026-06-03T06:15:12Z</responseDate><request verb="GetRecord" identifier="oai:riuma.uma.es:10630/37045" metadataPrefix="marc">https://riuma.uma.es/rest/oai/request</request><GetRecord><record><header><identifier>oai:riuma.uma.es:10630/37045</identifier><datestamp>2026-02-03T10:55:24Z</datestamp><setSpec>com_10630_2254</setSpec><setSpec>col_10630_37953</setSpec></header><metadata><record xmlns="http://www.loc.gov/MARC21/slim" xmlns:dcterms="http://purl.org/dc/terms/" xmlns:doc="http://www.lyncode.com/xoai" xmlns:xsi="http://www.w3.org/2001/XMLSchema-instance" xsi:schemaLocation="http://www.loc.gov/MARC21/slim http://www.loc.gov/standards/marcxml/schema/MARC21slim.xsd">
   <leader>00925njm 22002777a 4500</leader>
   <datafield ind2=" " ind1=" " tag="042">
      <subfield code="a">dc</subfield>
   </datafield>
   <datafield ind2=" " ind1=" " tag="720">
      <subfield code="a">Prieto-Latorre, Claudia</subfield>
      <subfield code="e">author</subfield>
   </datafield>
   <datafield ind2=" " ind1=" " tag="720">
      <subfield code="a">Marcenaro-Gutiérrez, Óscar David</subfield>
      <subfield code="e">author</subfield>
   </datafield>
   <datafield ind2=" " ind1=" " tag="720">
      <subfield code="a">Vignoles, Anna</subfield>
      <subfield code="e">author</subfield>
   </datafield>
   <datafield ind2=" " ind1=" " tag="260">
      <subfield code="c">2020-07-23</subfield>
   </datafield>
   <datafield ind2=" " ind1=" " tag="520">
      <subfield code="a">School segregation by socio-economic background is a feature of most education systems and impacts negatively on educational outcomes for poor children. Evidence on this issue is lacking for the Spanish primary education system and in particular the extent to which a) poor and rich students sort into different types of school and b) the extent of segregation within different school types. We measure the level of segregation of students from different socioeconomic backgrounds into public and semiprivate schools and within these two types of school using the Hutchens Index. The analysis is based on data for students attending 5th grade in the largest region in Spain (Andalusia). Our results indicate significant differences in the level of segregation across and within both school types. Students from higher socioeconomic backgrounds are more likely to attend semiprivate schools. This provides evidence of the inequity of providing public funding for semiprivate schools that are then disproportionately attended by wealthier students.</subfield>
   </datafield>
   <datafield ind1="8" ind2=" " tag="024">
      <subfield code="a">Prieto-Latorre, C., Marcenaro Gutiérrez, O. D. &amp; Vignoles, A. (2020) School segregation in public and semiprivate primary schools in Andalusia. British Journal of Educational Studies, 69(2), 175-196.</subfield>
   </datafield>
   <datafield ind1="8" ind2=" " tag="024">
      <subfield code="a">https://hdl.handle.net/10630/37045</subfield>
   </datafield>
   <datafield ind1="8" ind2=" " tag="024">
      <subfield code="a">10.1080/00071005.2020.1795078</subfield>
   </datafield>
   <datafield tag="653" ind2=" " ind1=" ">
      <subfield code="a">Discriminación en la enseñanza - Andalucía</subfield>
   </datafield>
   <datafield ind2="0" ind1="0" tag="245">
      <subfield code="a">School segregation in public and semiprivate primary schools in Andalusia.</subfield>
   </datafield>
</record>
</metadata></record></GetRecord></OAI-PMH>